| 000 | 00522nam a2200145 4500 | ||
|---|---|---|---|
| 999 |
_c15558 _d15558 |
||
| 008 | 200527b ||||| |||| 00| 0 eng d | ||
| 022 | _a2094-8042 | ||
| 082 | _aDPer 370.105 M72 June 2010-Mar 2011 v. 59 n. 1-10 | ||
| 100 |
_aLagundino, Virgie P. _942222 |
||
| 245 |
_aThe role of the parents in educating their children/ _cVirgie P. Lagundino. |
||
| 260 |
_aPhilippines: _bIn the Grade School, Inc., _cc2010-2011. |
||
| 300 |
_av59 n7, page 274; _c28 cm. |
||
| 650 |
_aParent-child relationship. _942161 |
||
| 942 |
_2ddc _cPER |
||